Online
Catalog

El periodismo ciudadano y su ejercicio en la defensa de los derechos ciudadanos de personas afectadas por la sentencia 168-13 en la República Dominicana / (Record no. 47561)

MARC details
000 -CABECERA
campo de control de longitud fija 01163nam a2200193 a 4500
001 - NÚMERO DE CONTROL
campo de control 000048073
005 - FECHA Y HORA DE LA ÚLTIMA TRANSACCIÓN
campo de control 20201002060912.0
008 - DATOS DE LONGITUD FIJA--INFORMACIÓN GENERAL
campo de control de longitud fija 181113s2016 dr a 000 0 spa d
020 ## - NÚMERO INTERNACIONAL ESTÁNDAR DEL LIBRO
Número Internacional Estándar del Libro 9789945600094
040 ## - FUENTE DE LA CATALOGACIÓN
Centro catalogador/agencia de origen DO-SdBNP
Lengua de catalogación spa
Centro/agencia transcriptor BNPHU
082 ## - NÚMERO DE LA CLASIFICACIÓN DECIMAL DEWEY
Número de clasificación xxxx
Número de documento/Ítem P445c
100 1# - ENTRADA PRINCIPAL--NOMBRE DE PERSONA
Nombre de persona Cruz Matos, Solange de la
9 (RLIN) 35193
245 13 - MENCIÓN DE TÍTULO
Título El periodismo ciudadano y su ejercicio en la defensa de los derechos ciudadanos de personas afectadas por la sentencia 168-13 en la República Dominicana /
Mención de responsabilidad, etc. Solange de la Cruz Matos ; revisada por Wooldy Edson Louidor.
246 03 - FORMA VARIANTE DE TÍTULO
Título propio/Titulo breve El periodismo ciudadano y la sentencia 168-13 en la República Dominicana.
260 ## - PUBLICACIÓN, DISTRIBUCIÓN, ETC.
Lugar de publicación, distribución, etc. Santo Domingo :
Nombre del editor, distribuidor, etc. Espacio de Comunicación Insular (ESPACINSULAR)
-- Santuario,
Fecha de publicación, distribución, etc. 2016.
300 ## - DESCRIPCIÓN FÍSICA
Extensión 98 p. :
Otras características físicas il. ;
Dimensiones 23 cm.
505 0# - NOTA DE CONTENIDO CON FORMATO
Nota de contenido con formato La sentencia 168-13 y la reacción ciudadana --
Título Comunicación y ciudadanía --
-- El periodismo ciudadadano bajo la lupa --
-- El periodismo ciudadadano visto por usuarias y usuarios de redes sociales y blogs --
-- La sentencia 168-13 y el periodismo ciudadano --
-- La sentencia 168-13 y el periodismo ciudadano y la ley 169-14 --
-- Bibliografía.
590 ## - NOTA LOCAL (RLIN)
Nota local Inventariado, 2018/LP
Holdings
Estado de retiro Estado de pérdida Restricciones de uso No para préstamo Código de colección Localización permanente Ubicación/localización actual Ubicación en estantería Fecha de adquisición Número de inventario Total de préstamos Signatura topográfica completa Código de barras Fecha visto por última vez Número de copia Precio válido a partir de Tipo de ítem Koha
        Dominicana de Servicio General General Depósito 13.11.2018 LF1   xxxx P445c 48073-30 25.06.2020 e. 3 25.06.2020 Libro y Folleto Colección Dominicana de Servicio
      Excluido de préstamo Patrimonio Dominicano Patrimonio Dominicano Patrimonio Dominicano Depósito 13.11.2018 LF1   xxxx P445c 48073-10 25.06.2020   25.06.2020 Libro y Folleto Colección Patrimonio Dominicano
      Excluido de préstamo Patrimonio Dominicano Patrimonio Dominicano Patrimonio Dominicano Depósito 13.11.2018 LF1   xxxx P445c 48073-20 25.06.2020 e. 2 25.06.2020 Libro y Folleto Colección Patrimonio Dominicano

Powered by Koha